El psicoanálisis y la educación
Saved in:
| Hovedforfatter: | |
|---|---|
| Format: | Bog |
| Sprog: | spansk |
| Udgivet: |
Buenos Aires
Losada
1943
|
| Serier: | Publicaciones de la Revista de Pedagogía. Biblioteca pedagógica, 8
|
| Fag: | |
| Tags: |
Tilføj Tag
Ingen Tags, Vær først til at tagge denne postø!
|
MARC
| LEADER | 00000nam a2200000 a 4500 | ||
|---|---|---|---|
| 001 | UCY6527 | ||
| 003 | CL-VaPUC | ||
| 008 | 950526e19431028AG |||||||||||||||||spa|d | ||
| 082 | 0 | 4 | |a 370.15 |b PFI |2 21 |
| 100 | 0 | |a Pfister, Oskar |e author |9 336504 | |
| 245 | 1 | 3 | |a El psicoanálisis y la educación |
| 300 | |a 196 p | ||
| 942 | |c BK | ||
| 945 | |d 19950526 00:00:00 |a cmena | ||
| 260 | |a Buenos Aires |b Losada |c 1943 | ||
| 650 | 0 | |a Psicoanálisis |9 265702 | |
| 650 | 0 | |a Psicometría |9 260694 | |
| 650 | 7 | |a CIENCIAS DEL COMPORTAMIENTO |2 CL-VaPUC |9 336505 | |
| 650 | 0 | |a Educación |9 258661 | |
| 650 | 0 | |a Métodos de enseñanza |9 270413 | |
| 650 | 0 | |a Motivación |9 315362 | |
| 583 | |a last modification |c 20181001 01:53:52 |k Rodrigo Vera | ||
| 490 | 0 | |a Publicaciones de la Revista de Pedagogía. Biblioteca pedagógica, 8 | |
| 999 | |c 234087 |d 234085 | ||